Az alaktani kutatások újabb lehetőségei

It is an important task to feexamine the role of morphology in the description of Hungarian in the light of recent advances in theoretical morphology. Traditionally, morphological description consisted in the enumeration of paradigms, suffices and prefixes normally intermingled with anecdotal semant...

Teljes leírás

Elmentve itt :
Bibliográfiai részletek
Szerző: Kiefer Ferenc
Dokumentumtípus: Cikk
Megjelent: 1995
Sorozat:Acta Universitatis Szegediensis : sectio ethnographica et linguistica = néprajz és nyelvtudomány = étnografiâ i azykoznanie = Volkskunde und Sprachwissenschaft 36
Kulcsszavak:Magyar nyelv - alaktan
Tárgyszavak:
Online Access:http://acta.bibl.u-szeged.hu/3770
LEADER 01776nab a2200229 i 4500
001 acta3770
005 20220912154027.0
008 161015s1995 hu o 0|| hun d
022 |a 0586-3716 
040 |a SZTE Egyetemi Kiadványok Repozitórium  |b hun 
041 |a hun 
041 |a eng 
100 1 |a Kiefer Ferenc 
245 1 3 |a Az alaktani kutatások újabb lehetőségei  |h [elektronikus dokumentum] /  |c  Kiefer Ferenc 
260 |c 1995 
300 |a 165-174 
490 0 |a Acta Universitatis Szegediensis : sectio ethnographica et linguistica = néprajz és nyelvtudomány = étnografiâ i azykoznanie = Volkskunde und Sprachwissenschaft  |v 36 
520 3 |a It is an important task to feexamine the role of morphology in the description of Hungarian in the light of recent advances in theoretical morphology. Traditionally, morphological description consisted in the enumeration of paradigms, suffices and prefixes normally intermingled with anecdotal semantic remarks. Contemporary research must answer the question concerning the place of morphology in linguistic description. Morphological research embraces three major areas: (i) the morphologyrphonology interface, (ii) the morphologysyntax interface and (iii) questions pertaining to the internal organization of morphological structure. By way of illustration the paper discusses someexamples taken from Hungarian: (i) some nonautomatic phonological rules as well as allomorphic rules, (ii) the Hungarian case system and the distribution of the possessive allomorphs, and| (iii) synthetic compounds and complex predicates. 
650 4 |a Bölcsészettudományok 
650 4 |a Nyelvek és irodalom 
695 |a Magyar nyelv - alaktan 
856 4 0 |u http://acta.bibl.u-szeged.hu/3770/1/etno_lingu_036_165-174.pdf  |z Dokumentum-elérés